| 000 | 00687nam a2200217 a 4500 | ||
|---|---|---|---|
| 001 | 10268 | ||
| 003 | CO-ViMGA | ||
| 008 | 141112s2004 ck r 000 u spa d | ||
| 020 | _a9586017362 | ||
| 040 |
_aCO-ViMGA _bspa _cCO-ViMGA |
||
| 082 | 0 | 4 | _a338 C965i |
| 100 | 1 |
_aCuervo Gonzalez, Luis M.; Gonzalez Montoya, Luz Josefina _913433 |
|
| 245 | 1 | 0 |
_aIndustria y Ciudades en la Era de la Mundialización (1980 - 1991) : _bUn enfoque socioespacial |
| 260 |
_aSantafé de Bogotá : _bTercer mundo, _c1997 |
||
| 300 | _a467p. | ||
| 490 | _aCOLCIENCAS | ||
| 650 | 1 | 4 |
_aCOLOMBIA - INDUSTIAS _913434 |
| 650 | 1 | 4 |
_aREHABILITACION URBANA _913435 |
| 650 | 1 | 4 |
_aURBANISMO _93317 |
| 942 |
_2ddc _cBK |
||
| 999 |
_c21637 _d21637 |
||